00950cam a2200277 i 450000100090000000300060000900500170001500800410003201000170007302000230009004000280011304200080014105000250014908200280017410000290020224500870023126400330031830000240035133600260037533700280040133800270042949000230045650400530047963000310053277601090056317750887GBCCL20241126110716.0130523s2014 ilu b 001 0 eng  a 2013014987 a9781433513121 (hc) aDLCbengerdacDLCdDLC apcc00aBS1415.53b.A84 201400a220.7a223.107223bPRE1 aAsh, Christopher,d1953-10aJob :bthe wisdom of the cross /cChristopher Ash ; R. Kent Hughes, series editor. 1aWheaton :bCrossway,c[2014] a489 pages ;c24 cm. atextbtxt2rdacontent aunmediatedbn2rdamedia avolumebnc2rdacarrier0 aPreaching the word aIncludes bibliographical references and indexes.00aBible.pJobvCommentaries.08iOnline version:aAsh, Christopher, 1953-tJobdWheaton : Crossway, 2014z9781433513138w(DLC) 2013021331